000 00430nam a2200181Ia 4500
001 22257
005 20260414150819.0
008 260414t2016||||xx |||||||||||||| ||spa||
041 _aESP
082 _a621.3
_bF81
100 _aFraile Mora, Jesús
_eAUT
245 0 _aAccionamientos eléctricos
_b
260 _c2016
300 _axvi, 507 páginas :
_c24 cm.
650 _aTCA
654 _aCET
942 _cLIB
_dJUS
_fJUS
_2ddc
_n
999 _c22257
_d22257